Me inoclino por un juez activo en la dirección del proceso /

Bibliographic Details
Main Author: ZúÒiga, Rodrigo
Format: Analitica de revista
Language:Spanish
Published: Santiago, Chile Ministerio de Justicia 2005
Subjects:

MARC

LEADER 00000cab a2200000 a 4500
001 026386
003 UAHC_CL
005 20180809120123.0
008 030814b xx j 000 1 spa
952 |0 0  |1 0  |4 0  |6 BOLETIN_JURIDICO07_05_000000000000000  |7 0  |8 General  |9 53256  |a BC  |b BC  |c General  |d 2017-08-03  |l 0  |o BOLETIN JURIDICO-07/05  |p FICTICIO1152  |r 2019-01-08 00:00:00  |t 1  |w 2017-08-03  |y REVA 
999 |c 26386  |d 26386 
040 |a UAHC_CL  |c UAHC_CL  |d UAHC_CL 
100 1 |a ZúÒiga, Rodrigo 
245 1 0 |a Me inoclino por un juez activo en la dirección del proceso /  |c Rodrigo ZúÒiga. 
260 |b Ministerio de Justicia  |c 2005  |a Santiago, Chile 
300 |a pp. 41-51 
500 |a En: Boletín Jurídico, n˚7, 2005. pp. 41-51. 
653 |a DERECHO 
773 0 |t Boletín jurídico del Ministerio de Justicia.  |w 026380 
900 |a BOLETIN JURIDICO-07/05 
942 |c REVA  |2 ddc